| LEADER | 01082nam a2200217 4500 | ||
|---|---|---|---|
| 082 | |a 807 |b PH120t. | ||
| 100 | |a | ||
| 245 | |a Phân tích - bình giảng tác phẩm văn học 12 nâng cao |c Nguyễn Đăng Mạnh, Nguyễn Thị Bình, Phan Huy Dũng,... | ||
| 260 | |a H. |b Giáo dục |c 2008 | ||
| 300 | |a 192 tr. |c 24 cm. | ||
| 520 | |a v.v... | ||
| 653 | |a Văn học | ||
| 653 | |a Tác phẩm | ||
| 653 | |a Lớp 12 | ||
| 653 | |a Phân tích | ||
| 653 | |a Bình giảng | ||
| 942 | |2 ddc |c STK0 | ||
| 999 | |c 8984 |d 8984 | ||
| 952 | |0 0 |1 0 |2 ddc |4 0 |6 807_000000000000000_PH120T |7 0 |8 800 |9 73692 |a qbu |b qbu |c D5 |d 2015-05-04 |g 23500 |o 807 PH120t. |p 8435.c1 |r 0000-00-00 |w 2015-05-04 |y STK0 |0 0 |6 807_000000000000000_PH120T | ||
| 952 | |0 0 |1 0 |2 ddc |4 0 |6 807_000000000000000_PH120T |7 0 |8 800 |9 73693 |a qbu |b qbu |c D5 |d 2015-05-04 |g 23500 |l 1 |o 807 PH120t. |p 8435.c2 |r 2016-09-05 |s 2016-08-26 |w 2015-05-04 |y STK0 |0 0 |6 807_000000000000000_PH120T | ||
| 952 | |0 0 |1 0 |2 ddc |4 0 |6 807_000000000000000_PH120T |7 0 |8 800 |9 82857 |a qbu |b qbu |c D5 |d 2015-08-18 |g 23500 |o 807 PH120t. |p 8435.c3 |r 0000-00-00 |w 2015-08-18 |y STK0 |0 0 |6 807_000000000000000_PH120T | ||